[Event "Reinstorf Blitz op"]
[Site "Reinstorf"]
[Date "2022.02.04"]
[Round "4"]
[White "Reichmann, Hendrik"]
[Black "Jalving, August"]
[Result "1-0"]
[WhiteElo "2338"]
[BlackElo "1876"]
[PlyCount "75"]
[EventDate "2022.01.29"]
[EventType "swiss (blitz)"]
[EventRounds "9"]
[EventCountry "GER"]
[SourceTitle "CBM 206 Extra"]
[Source "ChessBase"]
[SourceDate "2022.03.31"]
[SourceVersion "1"]
[SourceVersionDate "2022.03.31"]
[SourceQuality "1"]

1. d4 Nf6 2. Bf4 g6 3. e3 Bg7 4. Nf3 d5 5. h3 c5 6. c3 0-0 7. Nbd2 Nbd7 8. Be2 Nh5 9. Bh2 Qb6 10. Qb3 c4 11. Qc2 Nhf6 12. b3 cxb3 13. axb3 Rd8 14. c4 Nf8 15. c5 Qc6 16. b4 Bf5 17. Qb3 a6 18. 0-0 b5 19. Ra5 Ne4 20. Rfa1 Nd7 21. Bxb5 axb5 22. Nxe4 dxe4 23. d5 Rxa5 24. Rxa5 Qf6 25. c6 exf3 26. g4 Nb6 27. Bc7 Nxd5 28. Bxd8 Be6 29. Ra8 Nc7 30. Bxc7+ Bf8 31. Qd1 Bc4 32. Bf4 Qxc6 33. Qd8 Kg7 34. Qxf8+ Kf6 35. Qh8+ Ke6 36. Qe5+ Kd7 37. Ra7+ Kc8 38. Qb8# 1-0

[Event "Reinstorf op"]
[Site "Reinstorf"]
[Date "2022.01.31"]
[Round "3"]
[White "Krause, Marianne"]
[Black "Jalving, August"]
[Result "0-1"]
[WhiteElo "1548"]
[BlackElo "1876"]
[PlyCount "82"]
[EventDate "2022.01.29"]
[EventType "swiss"]
[EventRounds "9"]
[EventCountry "GER"]
[SourceTitle "CBM 206 Extra"]
[Source "ChessBase"]
[SourceDate "2022.03.31"]
[SourceVersion "1"]
[SourceVersionDate "2022.03.31"]
[SourceQuality "1"]

1. d4 Nf6 2. Nc3 d5 3. Bf4 g6 4. e3 Bg7 5. Nb5 Na6 6. Nc3 0-0 7. Bxa6 bxa6 8. h3 c5 9. Nf3 Qb6 10. Na4 Qa5+ 11. c3 cxd4 12. exd4 Ne4 13. 0-0 Bd7 14. Nc5 Nxc5 15. b4 Qb5 16. bxc5 f6 17. Re1 Rae8 18. Rb1 Qc6 19. Rb3 e5 20. Bg3 e4 21. Nd2 f5 22. Bd6 Rf7 23. Nf1 f4 24. Kh2 Bf8 25. Bxf8 Rexf8 26. Rb2 f3 27. g3 Qc8 28. h4 Bh3 29. Ne3 Bd7 30. Nxd5 Qc6 31. Ne3 Qe6 32. Rh1 g5 33. h5 Qh6 34. Kg1 Rf4 35. gxf4 gxf4 36. Qf1 fxe3 37. Rh2 e2 38. Qb1 Kh8 39. Qe1 Rg8+ 40. Kh1 Qg5 41. Rb7 Qg1+ 0-1

[Event "Reinstorf op"]
[Site "Reinstorf"]
[Date "2022.01.30"]
[Round "2"]
[White "Jalving, August"]
[Black "Steuer, Christopher"]
[Result "1/2-1/2"]
[WhiteElo "1876"]
[BlackElo "1574"]
[PlyCount "117"]
[EventDate "2022.01.29"]
[EventType "swiss"]
[EventRounds "9"]
[EventCountry "GER"]
[SourceTitle "CBM 206 Extra"]
[Source "ChessBase"]
[SourceDate "2022.03.31"]
[SourceVersion "1"]
[SourceVersionDate "2022.03.31"]
[SourceQuality "1"]

1. e4 c6 2. d4 d5 3. Nc3 dxe4 4. Nxe4 Nf6 5. Nxf6+ exf6 6. c3 Bd6 7. Bd3 0-0 8. Qc2 Re8+ 9. Ne2 h5 10. 0-0 h4 11. Bd2 Nd7 12. Rae1 Nf8 13. Nf4 Be6 14. Nxe6 Nxe6 15. g3 hxg3 16. hxg3 Qc7 17. Kg2 Nf8 18. Rh1 g6 19. Qc1 f5 20. Rxe8 Rxe8 21. Bg5 Be7 22. Bf4 Bd6 23. Bxd6 Qxd6 24. Qg5 Qe7 25. Qxe7 Rxe7 26. f4 Ne6 27. Kf2 Kg7 28. Re1 Kf6 29. Re5 Nc7 30. c4 Rxe5 31. fxe5+ Ke6 32. b4 f6 33. exf6 Kxf6 34. a4 a6 35. b5 axb5 36. axb5 cxb5 37. cxb5 Ne6 38. Ke3 g5 39. b6 f4+ 40. gxf4 gxf4+ 41. Ke4 Nf8 42. Ba6 Nd7 43. Bxb7 Nxb6 44. Kxf4 Ke7 45. Ke5 Kd7 46. Ba6 Na8 47. Bb5+ Kd8 48. Kd6 Nc7 49. Bc6 Na6 50. Bb5 Nc7 51. Bd3 Ne8+ 52. Kc6 Ng7 53. d5 Ne8 54. Bg6 Nc7 55. d6 Ne6 56. Bf7 Nd4+ 57. Kd5 Nf5 58. Be6 Nxd6 59. Kxd6 1/2-1/2

[Event "DEN-ch U10 rapid"]
[Site "Odense"]
[Date "2021.10.01"]
[Round "5"]
[White "Bekmukhanov, Sauran"]
[Black "Jalving, August"]
[Result "0-1"]
[WhiteElo "1726"]
[BlackElo "1644"]
[PlyCount "122"]
[EventDate "2021.10.01"]
[EventType "swiss"]
[EventRounds "7"]
[EventCountry "DEN"]
[SourceTitle "EXT 2024"]
[Source "ChessBase"]
[SourceDate "2023.10.10"]
[SourceVersion "1"]
[SourceVersionDate "2023.10.10"]
[SourceQuality "1"]

1. e4 c6 2. c4 d5 3. cxd5 cxd5 4. exd5 Nf6 5. Qa4+ Nbd7 6. Nc3 g6 7. Bc4 Bg7 8. d3 0-0 9. Nf3 a6 10. Qa3 Nb6 11. Qb3 Bg4 12. Ne5 Bf5 13. 0-0 Rb8 14. Rd1 Qd6 15. Re1 Rbd8 16. Be3 Nbxd5 17. d4 b5 18. Nxd5 bxc4 19. Nxf6+ exf6 20. Nxc4 Qd5 21. Nd2 Qd7 22. Rac1 Rb8 23. Qa3 Be6 24. Nc4 Qb5 25. b3 Rfd8 26. Red1 Bf8 27. Qa4 Qxa4 28. bxa4 Rb4 29. Nd2 Rxa4 30. Ne4 f5 31. Nc3 Ra5 32. a4 Bb4 33. Bg5 Rc8 34. Ne2 Rxc1 35. Rxc1 Rxa4 36. Rd1 Ra5 37. f3 Kg7 38. Nf4 Bd6 39. Bd8 Rb5 40. Ne2 Rb2 41. Nc3 Bb3 42. Rc1 Bf4 43. Ra1 Be3+ 44. Kh1 Bxd4 45. Ba5 Rc2 46. h3 Bxc3 47. Bxc3+ Rxc3 48. Rxa6 Rc1+ 49. Kh2 Bd5 50. Rd6 Rd1 51. Ra6 Rd2 52. Kg3 f4+ 53. Kxf4 Rxg2 54. Rd6 Rd2 55. h4 Rd3 56. h5 Rxf3+ 57. Kg4 Rf5 58. hxg6 hxg6 59. Rd7 Be6 60. Re7 Kf8 61. Rxe6 fxe6 0-1

[Event "DEN-ch U10 rapid"]
[Site "Odense"]
[Date "2021.10.01"]
[Round "6"]
[White "Jalving, August"]
[Black "Bjerregaard Hagen, Frida"]
[Result "1-0"]
[WhiteElo "1644"]
[BlackElo "1218"]
[PlyCount "67"]
[EventDate "2021.10.01"]
[EventType "swiss"]
[EventRounds "7"]
[EventCountry "DEN"]
[SourceTitle "EXT 2024"]
[Source "ChessBase"]
[SourceDate "2023.10.10"]
[SourceVersion "1"]
[SourceVersionDate "2023.10.10"]
[SourceQuality "1"]

1. Nf3 d5 2. d4 e6 3. Bf4 Bd6 4. e3 Nf6 5. Nbd2 0-0 6. Bd3 b6 7. 0-0 Ba6 8. Bxa6 Nxa6 9. Qe2 Nb8 10. Ne5 c5 11. c3 Nfd7 12. Ndf3 f6 13. Ng6 Rf7 14. Bxd6 hxg6 15. Nh4 g5 16. Ng6 Nf8 17. Bxf8 Rxf8 18. Nxf8 Qxf8 19. f4 cxd4 20. fxg5 dxe3 21. gxf6 gxf6 22. Rf3 e5 23. Rg3+ Kf7 24. Qh5+ Ke6 25. Rxe3 Nc6 26. Rf1 Kd6 27. Qg6 Kc5 28. b4+ Kd6 29. Rxf6+ Qxf6 30. Qxf6+ Kd7 31. Rg3 e4 32. Rg7+ Ne7 33. Rxe7+ Kc8 34. Qf8# 1-0